<?xml version="1.0" encoding="UTF-8"?>
<record
    xmlns:xsi="http://www.w3.org/2001/XMLSchema-instance"
    xsi:schemaLocation="http://www.loc.gov/MARC21/slim http://www.loc.gov/standards/marcxml/schema/MARC21slim.xsd"
    xmlns="http://www.loc.gov/MARC21/slim">

  <leader>01681nam a22003374i 4500</leader>
  <datafield tag="952" ind1=" " ind2=" ">
    <subfield code="0">0</subfield>
    <subfield code="1">0</subfield>
    <subfield code="2">ddc</subfield>
    <subfield code="4">0</subfield>
    <subfield code="7">0</subfield>
    <subfield code="8">GEN</subfield>
    <subfield code="a">FUSBC</subfield>
    <subfield code="b">FUSBC</subfield>
    <subfield code="d">2018-08-29</subfield>
    <subfield code="l">8</subfield>
    <subfield code="m">2</subfield>
    <subfield code="o">G 226.507 D639i</subfield>
    <subfield code="p">15805</subfield>
    <subfield code="q">2026-05-08</subfield>
    <subfield code="r">2026-04-08 12:36:04</subfield>
    <subfield code="s">2026-04-08</subfield>
    <subfield code="t">Ej. 1</subfield>
    <subfield code="w">2018-08-29</subfield>
    <subfield code="y">BK</subfield>
    <subfield code="I">INV2023</subfield>
  </datafield>
  <datafield tag="999" ind1=" " ind2=" ">
    <subfield code="c">64458</subfield>
    <subfield code="d">64458</subfield>
  </datafield>
  <controlfield tag="001">19373</controlfield>
  <controlfield tag="003">CO-MdFUSB</controlfield>
  <controlfield tag="005">20180905095601.0</controlfield>
  <controlfield tag="008">180828t1978    sp |||| |||| 00| 0 espad</controlfield>
  <datafield tag="020" ind1=" " ind2=" ">
    <subfield code="a">8470572326</subfield>
  </datafield>
  <datafield tag="040" ind1=" " ind2=" ">
    <subfield code="a">CO-MdFUSB</subfield>
    <subfield code="b">spa</subfield>
    <subfield code="c">CO-MdFUSB</subfield>
    <subfield code="d">CO-MdFUSBC</subfield>
    <subfield code="e">rda</subfield>
  </datafield>
  <datafield tag="041" ind1=" " ind2=" ">
    <subfield code="a">spa</subfield>
  </datafield>
  <datafield tag="082" ind1=" " ind2=" ">
    <subfield code="2">23</subfield>
    <subfield code="a">226.507</subfield>
    <subfield code="b">D639</subfield>
  </datafield>
  <datafield tag="100" ind1="1" ind2=" ">
    <subfield code="a">Dodd, C. H.</subfield>
    <subfield code="e">autor</subfield>
  </datafield>
  <datafield tag="240" ind1=" " ind2=" ">
    <subfield code="a">The interpretation of the fourth gospel</subfield>
  </datafield>
  <datafield tag="245" ind1="0" ind2="0">
    <subfield code="a">Interpretaci&#xF3;n del cuarto evangelio</subfield>
    <subfield code="c">/ C. H. Dodd</subfield>
  </datafield>
  <datafield tag="264" ind1=" " ind2="1">
    <subfield code="a">Madrid, Espa&#xF1;a :</subfield>
    <subfield code="b">Cristiandad,</subfield>
    <subfield code="c">&#x2117;1953</subfield>
  </datafield>
  <datafield tag="264" ind1=" " ind2="4">
    <subfield code="c">&#xA9;1978</subfield>
  </datafield>
  <datafield tag="300" ind1=" " ind2=" ">
    <subfield code="a">478 p&#xE1;ginas ;</subfield>
    <subfield code="c">24 cm.</subfield>
  </datafield>
  <datafield tag="336" ind1=" " ind2=" ">
    <subfield code="a">texto</subfield>
    <subfield code="b">txt</subfield>
    <subfield code="2">rdacontent</subfield>
  </datafield>
  <datafield tag="337" ind1=" " ind2=" ">
    <subfield code="2">rdamedia</subfield>
    <subfield code="a">sin mediaci&#xF3;n</subfield>
    <subfield code="b">n</subfield>
  </datafield>
  <datafield tag="338" ind1=" " ind2=" ">
    <subfield code="2">rdacarrier</subfield>
    <subfield code="a">volumen</subfield>
    <subfield code="b">nc</subfield>
  </datafield>
  <datafield tag="500" ind1=" " ind2=" ">
    <subfield code="a">Incluye &#xED;ndices (p. 455-478)</subfield>
  </datafield>
  <datafield tag="505" ind1=" " ind2=" ">
    <subfield code="t">Presentaci&#xF3;n. --</subfield>
    <subfield code="t"> Pr&#xF3;logo. --</subfield>
    <subfield code="t"> Primera parte. Trasfondo:</subfield>
    <subfield code="a">I. El contexto del cristianismo primitivo -- ll. La religi&#xF3;n superior del helenismo: literatura herm&#xE9;tica -- lll. El juda&#xED;smo helen&#xED;stico: Fil&#xF3;n de Alejandr&#xED;a -- lV. Juda&#xED;smo Rab&#xED;nico -- Gnosticismo -- Vl. Mande&#xED;smo.</subfield>
  </datafield>
  <datafield tag="505" ind1=" " ind2=" ">
    <subfield code="t">Segunda parte. Ideas fundamentales:</subfield>
    <subfield code="a">l. Simbolismo -- ll. Vida eterna -- lll. Conocimiento de Dios -- lV. Verdad -- V. Fe -- Vl. Uni&#xF3;n con Dios -- Vll. Luz, gloria y juicio -- Vlll. Esp&#xED;ritu -- lX. Mes&#xED;as -- X. Hijo del Hombre -- Xl. Hijo de Dios -- Xll. Logos.</subfield>
  </datafield>
  <datafield tag="505" ind1=" " ind2=" ">
    <subfield code="t">Tercera parte. Argumento y estructura:</subfield>
    <subfield code="a">Introducci&#xF3;n -- l. El proemio. Pr&#xF3;logo y testimonios -- ll. El libro de los Signos -- lll. El libro de la pasi&#xF3;n -- Index locrum -- Index nominum</subfield>
  </datafield>
  <datafield tag="563" ind1=" " ind2=" ">
    <subfield code="a">Tapa dura</subfield>
  </datafield>
  <datafield tag="630" ind1="0" ind2="7">
    <subfield code="a">Biblia.</subfield>
    <subfield code="v">Juan</subfield>
  </datafield>
  <datafield tag="700" ind1=" " ind2=" ">
    <subfield code="a">Asenjo, J. Alonso</subfield>
    <subfield code="e">traductor</subfield>
  </datafield>
  <datafield tag="942" ind1=" " ind2=" ">
    <subfield code="c">BK</subfield>
  </datafield>
</record>
